Movilidad estructural: los hechos/
Guardado en:
| Hovedforfatter: | |
|---|---|
| Andre forfattere: | |
| Format: | Texto |
| Sprog: | Spanish |
| Udgivet: |
Santiago de Chile:
CEPAL
|
| Tags: |
Tilføj Tag
Ingen Tags, Vær først til at tagge denne postø!
|
MARC
| LEADER | 00000 a a2200000 04500 | ||
|---|---|---|---|
| 001 | 37447 | ||
| 003 | cru CIDCACS/IIS | ||
| 005 | 20240111155247.0 | ||
| 008 | 240111b |||||||| |||| 00| 0 spa d | ||
| 040 | |c cru CIDCACS/IIS | ||
| 100 | 1 | |a Figueira, Carlos | |
| 245 | |a Movilidad estructural: |b los hechos/ |c Carlos Figueira | ||
| 246 | |a Estratificación y movilidad ocupacional en América Latina | ||
| 260 | |a Santiago de Chile: |b CEPAL | ||
| 300 | |a páginas 29-56: |b tablas, gráficos | ||
| 700 | |a Geneletti, Carlo | ||
| 942 | |2 ddc |c PP | ||
| 999 | |c 17633 |d 17633 | ||
| 773 | 0 | |0 45446 |9 10500 |d Santiago, Chile: CEPAL, 1975- |o 04016 |t Cuadernos de la CEPAL / | |
